000 00847nam a2200241 a 4500
005 20250222063750.0
008 180221s2015 ag r 000 0 spa d
020 _a9789875384576
035 _aUPN01000223075
049 _aCG
050 4 _aLB1139.23
_bC7.3
245 0 3 _aLa creatividad en las escuelas infantiles :
_bpropuestas didácticas desde las ciencias, las artes y la expresividad lúdica /
_ccomp. Delia R. Azzerboni.
260 _aBuenos Aires :
_bNoveduc,
_c2015.
300 _a126 p. :
_bil., figs.
440 0 _a0 a 5 : la educación en los primeros años ;
_v100
650 4 _aEducación de la primera infancia
_96933
650 4 _aAptitud creadora en niños
_9462
650 7 _aEstrategias educativas
_2
_91510
700 1 _aAzzerboni, Delia Rosa,
_ecomp.
_929099
905 _aLibro
999 _c195172
_d195172